Principles of crop improvement / (Record no. 184077)
[ view plain ]
| 000 -LEADER | |
|---|---|
| fixed length control field | 00808 a2200193 4500 |
| 003 - CONTROL NUMBER IDENTIFIER | |
| control field | Nust |
| 005 - DATE AND TIME OF LATEST TRANSACTION | |
| control field | 20230104135056.0 |
| 010 ## - LIBRARY OF CONGRESS CONTROL NUMBER | |
| LC control number | 78040726 |
| 020 ## - INTERNATIONAL STANDARD BOOK NUMBER | |
| International Standard Book Number | 0582446309 : |
| 040 ## - CATALOGING SOURCE | |
| Transcribing agency | Nust |
| 082 00 - DEWEY DECIMAL CLASSIFICATION NUMBER | |
| Classification number | 631.53,SIM |
| 100 1# - MAIN ENTRY--PERSONAL NAME | |
| Personal name | Simmonds, N. W. |
| 9 (RLIN) | 106761 |
| 245 10 - TITLE STATEMENT | |
| Title | Principles of crop improvement / |
| Statement of responsibility, etc. | N. W. Simmonds. |
| 260 ## - PUBLICATION, DISTRIBUTION, ETC. | |
| Place of publication, distribution, etc. | London ; |
| -- | New York : |
| Name of publisher, distributor, etc. | Longman, |
| Date of publication, distribution, etc. | 1979. |
| 300 ## - PHYSICAL DESCRIPTION | |
| Extent | xiv, 408 p. : |
| Other physical details | ill. ; |
| Dimensions | 23 cm. |
| 505 ## - FORMATTED CONTENTS NOTE | |
| Formatted contents note | The Evolution of Crops (Page-1), Basic Features (Page-27), Objectives of Plant Breeding (Page-40), Genetic Aspects (Page-66), Breeding Plants (Page-123), Trials and Multiplication (Page-205), Discrete Resistance (Page-242), Special Tech (Page-279), New Crops and Genetic (Page-315), The Social Context (Page-337). |
| 650 #0 - SUBJECT ADDED ENTRY--TOPICAL TERM | |
| Topical term or geographic name entry element | Plant breeding. |
| 9 (RLIN) | 106762 |
| 942 ## - ADDED ENTRY ELEMENTS (KOHA) | |
| Source of classification or shelving scheme | |
| Koha item type | Book |
| Withdrawn status | Lost status | Source of classification or shelving scheme | Damaged status | Not for loan | Permanent Location | Current Location | Shelving location | Date acquired | Full call number | Barcode | Date last seen | Price effective from | Koha item type | Public note |
|---|---|---|---|---|---|---|---|---|---|---|---|---|---|---|
| Military College of Signals (MCS) | Military College of Signals (MCS) | General Stacks | 12/12/2016 | 631.53,SIM | MCS3382 | 12/08/2016 | 12/12/2016 | Book | Amirah No.42, Shelf No.2 |
